| 000 | 01030nam a2200277Ia 4500 | ||
|---|---|---|---|
| 003 | OSt | ||
| 005 | 20221005104211.0 | ||
| 006 | a|||||r|||| 00| 0 | ||
| 007 | ta | ||
| 008 | 221004b |||||||| |||| 00| 0 hin d | ||
| 020 |
_a9788183152891 (hbk) _cINR 1500.00 |
||
| 024 | _a36362 | ||
| 037 |
_b274, 10/03/2018, Bharatiya Book Corporation _cTextual |
||
| 040 |
_aCRL _cCRL _bhin |
||
| 041 |
_2hin _ahin |
||
| 082 | _aR65, 152Q7 | ||
| 100 | _aवेदालंकार, जयदेव, ले. | ||
| 245 | 0 | _aवैदिक दर्शन | |
| 246 | _aVaidik darshana | ||
| 250 | _aद्वितीय संस्करण | ||
| 260 |
_aदिल्ली _bन्यू भारतीय बुक कॉरपोरेशन भारत _c2017 |
||
| 300 |
_a669पृ0 _ccm. |
||
| 650 | _aभारतीय दर्शन | ||
| 942 |
_hR65, 152Q7 _cTEXL _2cc |
||
| 999 |
_c1012010 _d1012010 |
||